000 01094cad a22001935a 4500
001 L149729
008 100415e2009 xxk 000 0 eng d
035 _a(Sirsi) u149729
041 0 _aeng
245 0 0 _aGoldacre (Offices) Ltd v Nortel Networks UK Ltd
260 _c2009
520 _a[2009] EWHC 3389 (Ch), 7 December 2009. Application to consider whether rent in respect of property held by respondent company is payable as an expense of the administration. Respondent company held two long leases predating date of administration. Administrators are occuping one of the premises. Notices have been served to sub tenants occuping the properties. Held that administrators would continue to pay the rent as an administration expense whilst they occupy the premises.
590 _aKA
650 2 4 _aGOLDACRE (OFFICES) LTD V NORTEL NETWORKS UK LTD
651 4 _aENGLAND AND WALES
690 _aPROPERTY-COMMERCIAL PROPERTY-COMMERCIAL LANDLORD AND TENANT
856 4 8 _uhttps://www.bailii.org/ew/cases/EWHC/Ch/2009/3389.htmlzView this item free of charge at www.bailii.org
942 _n0
999 _c82266
_d82266